000 01281nam a2200325 a 4500
001 ebr10170590
003 CaPaEBR
006 m u
007 cr cn|||||||||
008 000405s2001 enk sb 000 0 eng
020 _z1853594970 (hc. : alk. paper)
020 _z1853594962 (pbk. : alk. paper)
040 _aCaPaEBR
_cCaPaEBR
035 _a(OCoLC)614963938
041 0 _aeng
_afre
050 1 4 _aPC2445
_b.O44 2001eb
082 0 4 _a448.1
_221
100 1 _aOfford, M. H.
245 1 0 _aFrench words
_h[electronic resource] :
_bpast, present, and future /
_cMalcolm Offord.
260 _aClevedon ;
_aBuffalo :
_bMultilingual Matters Ltd.,
_cc2001.
300 _avii, 125 p.
490 1 _aModern languages in practice ;
_v14
504 _aIncludes bibliographical references (p. 125).
533 _aElectronic reproduction.
_bPalo Alto, Calif. :
_cebrary,
_d2013.
_nAvailable via World Wide Web.
_nAccess may be limited to ebrary affiliated libraries.
650 0 _aFrench language
_xVocabulary
_xHistory.
655 7 _aElectronic books.
_2local
710 2 _aebrary, Inc.
830 0 _aModern languages in practice ;
_v14.
856 4 0 _uhttp://site.ebrary.com/lib/rucke/Doc?id=10170590
_zAn electronic book accessible through the World Wide Web; click to view
999 _c139004
_d139004